LEADER 01270nas a2200265 i 4500 001 000000142027 003 CaOOAMICUS 005 20190801153434.0 008 050823b2003 it uu u0 0mul r 013 $a117085 040 $aSeMil$bita 245 10$aTesi di Teologia ecumenica :$bMaster in Teologia ecumenica, Livorno, 15 luglio-2 agosto 2002 /$ca cura di Riccardo Burigana e Lucia Fattorini. 260 $aLivorno :$bCentro Documentazione Ecumenica,$c2003. 300 $a140 p. ;$c24 cm. 500 $aContiene : Programma dei corsi ; Studenti iscritti ; Presentazione delle tesi. 700 1 $aFattorini, Lucia.$0(OLS)http://semarc/name/57051 700 1 $aBurigana, Riccardo.$0(OLS)http://semarc/name/32592 773 0 $tOecumenica Civitas.$dLivorno : Centro Documentazione Ecumenica, 2000-2010.$w()8897 774 0 $t[vedi periodico].$w()262416 850 $aSeMil 852 $aSeMil$W1$xVenegono$y1$m8 2 23BIS$j95223$B95223$CSeMilBibl$Z2$F101980 $85 961 $aCambio: Scuola Cattolica 996 $6245$aTesi di Teologia ecumenica :$bMaster in Teologia ecumenica, Livorno, 15 luglio-2 agosto 2002$9(OLS)http://semarc/title/207603 996 $6260$aLivorno :$bCentro Documentazione Ecumenica$9(OLS)http://semarc/publisher/32412 LEADER 00976nam a2200217 i 4500 001 000000043898 003 CaOOAMICUS 005 20100610000000.0 008 100610s1952 it u000 u ita u 013 $a15068 040 $aSeMil$bita 100 1 $aFrascisco, Reginaldo .$0(OLS)http://semarc/name/17630 245 10$aS. Pietro da Verona :$bmartire domenicano, 1252-1952 /$cReginaldo Frascisco. 260 $a[S.l.] :$bEdizioni Paoline,$cstampa 1952$e(Alba (Cuneo) :$fSan Paolo,$gstampa 1952) 300 $a168 p. :$bill. ;$c18 cm. 650 4$aPietro : da Verona .$0(OLS)http://semarc/subject/5398 850 $aSeMil 852 $aSeMil$W1$xVenegono$y1$m3H I 375$j10053$B10053$CSeMilBibl$Z2$F10053 $81 961 $aOmaggio: Biblioteca Seminario Seveso (fino al 1985) 996 $6245$aS. Pietro da Verona :$bmartire domenicano, 1252-1952$9(OLS)http://semarc/title/64671 996 $6260$a[S.l.] :$bEdizioni Paoline$9(OLS)http://semarc/publisher/36818